| 000 | nam a22 7a 4500 | ||
|---|---|---|---|
| 999 |
_c84975 _d84975 |
||
| 005 | 20180416122120.0 | ||
| 008 | 180416s1995 sz a|||| |||| 001 0 spa d | ||
| 020 | _a9243544691 | ||
| 050 | 0 | 4 |
_aRG631 _bO74 1995 |
| 110 | 2 | _aOrganización Mundial de la Salud | |
| 245 | 1 | 0 |
_aComplicaciones del aborto : _bdirectrices técnicas y gestionales de prevención y tratamiento / _cOMS. |
| 250 | _a1a ed. | ||
| 260 |
_aGinebra : _bOMS, _c1995 |
||
| 300 |
_a152 p. : _bil. ; _c24 cm. |
||
| 504 | _aIncluye bibliografías | ||
| 506 | _aBib. Med. ISO 2018 | ||
| 650 | 4 |
_aAborto _xComplicaciones y secuelas |
|
| 650 | 4 | 0 |
_aAborto _xPrevención y control |
| 650 | 4 |
_aMadres _xMortalidad |
|
| 942 |
_2lcc _cLIB |
||